| 000 | 00797nam a22002297a 4500 | ||
|---|---|---|---|
| 001 | BD-DhSAU 4784 | ||
| 003 | BD-DhSAU | ||
| 005 | 20150226104036.0 | ||
| 008 | 150226b1948 bg |||| |||| 000 0 ben d | ||
| 040 | _aBD-DhSAU | ||
| 082 |
_222 _a---- _b----- |
||
| 110 | _aএমদাদিয়া লাইব্রেরী | ||
| 245 |
_aতফসীরে আশরাফী / _cএমদাদিয়া লাইব্রেরী |
||
| 260 |
_aঢাকা : _bএমদাদিয়া লাইব্রেরী , _c১৯৮৪. |
||
| 300 |
_a১২২ পৃ. : _c২৪ সে. মি. |
||
| 440 | _vতৃতীয় ভলিউম | ||
| 590 | _atamanna | ||
| 650 | _aতফসীরে আশরাফী | ||
| 650 | _aইসলাম | ||
| 650 | _alslam | ||
| 650 | _areligion | ||
| 942 |
_2ddc _cBOOK |
||
| 999 |
_c4784 _d4784 |
||